LEADER 01404aam 2200373I 450 001 9910710075803321 005 20151118015321.0 024 8 $aGOVPUB-C13-b26d5b55294fa92e385cdb25f2a58001 035 $a(CKB)5470000002475516 035 $a(OCoLC)929880797 035 $a(EXLCZ)995470000002475516 100 $a20151118d1973 ua 0 101 0 $aeng 181 $2rdacontent 182 $2rdamedia 183 $2rdacarrier 200 10$aFire endurance tests on walls and plumbing chases containing either metallic or nonmetallic drain waste and vent systems /$fWilliam J. Parker 210 1$aGaithersburg, MD :$cU.S. Dept. of Commerce, National Institute of Standards and Technology,$d1973. 215 $a1 online resource 225 1 $aNBSIR ;$v74-449 300 $a1973. 300 $aContributed record: Metadata reviewed, not verified. Some fields updated by batch processes. 300 $aTitle from PDF title page. 320 $aIncludes bibliographical references. 700 $aParker$b William J$0120017 701 $aParker$b William J$0120017 712 02$aUnited States.$bNational Bureau of Standards. 801 0$bNBS 801 1$bNBS 801 2$bGPO 906 $aBOOK 912 $a9910710075803321 996 $aFire endurance tests on walls and plumbing chases containing either metallic or nonmetallic drain waste and vent systems$93481265 997 $aUNINA LEADER 01938oam 2200433 a 450 001 9910701239503321 005 20111212152934.0 035 $a(CKB)5470000002416664 035 $a(OCoLC)752976405 035 $a(EXLCZ)995470000002416664 100 $a20110916d2011 ua 0 101 0 $aeng 135 $aurmn||||||||| 181 $ctxt$2rdacontent 182 $cc$2rdamedia 183 $acr$2rdacarrier 200 10$aIraq drawdown$b[electronic resource] $eopportunities exist to improve equipment visibility, contractor demobilization, and clarity of post-2011 DOD role : report to Congressional addressees 210 1$a[Washington, D.C.] :$cU.S. Govt. Accountability Office,$d[2011] 215 $a1 online resource (ii, 57 pages) $ccolor illustrations 300 $aTitle from PDF title page (viewed on Sept. 16, 2011). 300 $a"September 2011." 300 $a"GAO-11-774." 320 $aIncludes bibliographical references. 327 $aBackground -- DOD has conducted robust planning for the current drawdown phase and execution is under way, but visibility and tracking of some equipment remain a challenge -- DOD has taken steps to improve contract management and oversight in Iraq, but challenges remain -- DOD and State are coordinating to establish and support the post-2011 U.S. government presence in Iraq, but key elements of this presence may not be well understood throughout DOD -- Conclusions. 517 $aIraq drawdown 606 $aDisengagement (Military science) 606 $aIraq War, 2003-2011$xPeace 606 $aWar$xTermination 607 $aUnited States$xArmed Forces$xDemobilization 615 0$aDisengagement (Military science) 615 0$aIraq War, 2003-2011$xPeace. 615 0$aWar$xTermination. 801 0$bAWC 801 1$bAWC 801 2$bGPO 906 $aBOOK 912 $a9910701239503321 996 $aIraq drawdown$93532992 997 $aUNINA